Central Library OPAC University of Rajshahi

Genes involved in plant defense / (Record no. 73494)

MARC details
000 -LEADER
fixed length control field 01030nam a2200289 a 4500
001 - CONTROL NUMBER
control field 73494
003 - CONTROL NUMBER IDENTIFIER
rucl marc code BD-RjUL
005 - DATE AND TIME OF LATEST TRANSACTION
control field 20211209082413.0
008 - FIXED-LENGTH DATA ELEMENTS--GENERAL INFORMATION
fixed length control field 170602s1992 au a b 001 0 eng
020 ## - INTERNATIONAL STANDARD BOOK NUMBER
International Standard Book Number 3211823123 (SpringerVerlag WienNew York)
International Standard Book Number 0387823123 (SpringerVerlag New YorkWien)
035 ## - SYSTEM CONTROL NUMBER
System control number (BD-RjUL)73712
040 ## - CATALOGING SOURCE
Original cataloging agency DLC
Transcribing agency DLC
Modifying agency DLC
-- BD-RjUL
Language of cataloging eng
041 ## - LANGUAGE CODE
Language code of text/sound track or separate title eng
082 00 - DEWEY DECIMAL CLASSIFICATION NUMBER
Edition number 23
Classification number 632.3
Author mark and year GEN 1992
245 10 - TITLE STATEMENT
Title Genes involved in plant defense /
Statement of responsibility, etc. edited by T. Boller and F. Meins.
260 ## - PUBLICATION, DISTRIBUTION, ETC. (IMPRINT)
Place of publication, distribution, etc. Wien ;
-- New York :
Name of publisher, distributor, etc. Springer-Verlag,
Date of publication, distribution, etc. c1992.
300 ## - PHYSICAL DESCRIPTION
Pagination x, 364 p. :
Illustrations ill. ;
Size 25 cm.
504 ## - BIBLIOGRAPHY, ETC. NOTE
Bibliography, etc Includes bibliographical references and index.
650 #0 - SUBJECT ADDED ENTRY--TOPICAL TERM
Topical term or geographic name as entry element Plants
General subdivision Disease and pest resistance
-- Genetic aspects.
9 (RLIN) 217448
Topical term or geographic name as entry element Plant diseases
General subdivision Genetic aspects.
9 (RLIN) 217449
700 1# - ADDED ENTRY--PERSONAL NAME
Personal name Boller, T.
Fuller form of name (Thomas),
Dates associated with a name 1949-
Personal name Meins, F.
Fuller form of name (Frederick),
Dates associated with a name 1942-
830 ## - SERIES ADDED ENTRY--UNIFORM TITLE
Uniform title Plant gene research,
942 ## - ADDED ENTRY ELEMENTS (KOHA)
Source of classification or shelving scheme Dewey Decimal Classification
Koha item type Books
Holdings
Lost status Source of classification or shelving scheme Damaged status Not for loan Collection code Permanent Location Current Location Shelving location Date acquired Source of acquisition Cost, normal purchase price Total Checkouts Full call number Date last seen Copy number Koha item type
  Dewey Decimal Classification   Not For Loan Non-fiction Central Library, University of Rajshahi Central Library, University of Rajshahi Reading Room 20/07/1997 Century Book, Rajshahi 1984.00   632.3 GEN 1992 03/06/2017 C-1 Books